00689nam a2200181 a 450000100100000000500170001000800410002702000150006804000250008311100910010824500410019926000670024030000360030750400320034304900090037595201060038499900170049000003439620200930073657.0111004s2000 es 000 0 spa d a8436933990 aDO-SdBNPbspacBNPHU2 aJornadas Europeas de Voluntariado Culturaln(5: 10-12 de mayocSantanderd2000)95982310aV Jornadas de voluntariado cultural. aMadrid :bMinisterio de Educación Cultural y Deporte,c2000. a227 p. :bil., gráf. ;c2000. aBibliografía : p. 213-214 aBNPD 0010507-18MOaGRbGRcOId2011-10-04iLF1l0o p34396-10r2020-06-25w2020-06-25y1ZNo se presta c33887d33887